| 000 | 01113cam a2200325Ia 4500 | ||
|---|---|---|---|
| 008 | |||
| 020 | _a0521314968 (pbk.) | ||
| 049 | _aMAIN | ||
| 090 |
_aQL739.23 _bREP |
||
| 245 | 0 | 0 |
_aManipulating reproduction / _cedited by C.R. Austin and R.V. Short ; drawings by John R. Fuller. |
| 250 | _a2nd ed. | ||
| 260 |
_aCambridge : _bCambridge University Press, _c1986. |
||
| 300 |
_aix, 235 p. : _bill. ; _c25 cm. |
||
| 440 |
_aReproduction in mammals. 2nd ed. ; _vbk. 5 |
||
| 500 | _aFirst ed. published as: Artificial control of reproduction. 1972. | ||
| 500 | _aIncludes index. | ||
| 504 | _aIncludes bibliographical references. | ||
| 650 | 0 | _aFertilization (Biology). | |
| 650 | 0 | _aArtificial insemination. | |
| 650 | 0 | _aSterilization (Birth control). | |
| 700 | 1 | _aAustin, C.R. | |
| 700 | 1 | _aShort, R.V. | |
| 730 | 0 | _aArtificial control of reproduction. | |
| 830 | 0 |
_aReproduction in mammals. _s2nd ed. ; _vbk. 5. |
|
| 907 |
_a.b10001153 _b11-09-12 _c17-04-03 |
||
| 003 | |||
| 005 | 20230123133853.0 | ||
| 040 | _cNUST | ||
| 942 |
_cBOOKS _kQL739.23 _mREP |
||
| 999 |
_c156056 _d156056 |
||